| 000 | 004930000a22002050004500 | ||
|---|---|---|---|
| 999 |
_c47878 _d47878 |
||
| 001 | 674 | ||
| 003 | CO-MdFUSB | ||
| 005 | 20180924145753.0 | ||
| 008 | 180924b xxu||||| |||| 00| 0 eng d | ||
| 020 | _a0-590-40612-4 | ||
| 040 | _cCO-MdBIC | ||
| 082 | 0 | 4 | _a813C G12mc |
| 100 | 1 | _aWanda, Gag | |
| 245 | 1 | 0 | _aMillions of cats / Wanda Gag |
| 260 | _aNew York : Scholastic | ||
| 300 | _a32 p. | ||
| 500 | _aIlustraciones en blanco y negro | ||
| 650 | 1 | 4 | _aLiteratura infantil |
| 942 | _cLGB | ||